000 00690nam a2200181Ia 4500
008 100920s9999 xx 000 0 und d
082 _b63218
_a61 थ 60
100 _aबेंबळकर ल. द.
245 _aबाण-कृत हर्षचरित.
260 _bवोरा ऍण्ड कंपनी पब्लिशर्स प्रा. लि., मंुबई 2.
_c1960
300 _a32
_bसाधी
365 _b0.37
520 _aस्थानिक वाचन.
630 _aबाण-कृत हर्षचरित.
650 _aस्थानिक वाचन.
730 _aबाण-कृत हर्षचरित.
942 _cBOOK
999 _c706300
_d706297